| 000 | 00512nam a2200181Ia 4500 | ||
|---|---|---|---|
| 008 | 151202s9999||||xx |||||||||||||| ||und|| | ||
| 082 | _bPNVM-32108 | ||
| 100 | _aभावे पु.भा. | ||
| 245 | _aदर्शन. | ||
| 260 | _bकुलकर्णी ग्रंथागार पुणे. | ||
| 260 | _c0 | ||
| 300 | _a143 | ||
| 600 | _aभावे पु.भा. | ||
| 630 | _aदर्शन. | ||
| 700 | _aभावे पु.भा. | ||
| 730 | _aदर्शन. | ||
| 942 | _cBOOK | ||
| 999 |
_c1298069 _d1298066 |
||